000
00322nam a2200157Ia 4500
100
_a
Krumm/John
650
_a
Computing
942
_c
BK
366
_f
25
245
_a
Ubiquitous computing fundamentals
260
_b
#N/A
_c
2010
082
_a
4.6
_b
KRU
300
_a
394
546
_a
ENGLISH
_c
Computers
999
_c
22256
_d
22256